00848 a2200157 4500020001500000040001300015082001400028100002200042245004400064260005100108300002000159505036900179650005300548650004500601650004400646 a000712113X aDLCbDLC00a823/.9/121 aChristie, Agatha,10aPoirot's early cases cAgatha Christie. aLondon :bCollins [for] the Crime Club,c1974. a412p. ;c22 cm.0 aThe affair at the victory ball.--The adventure of the Clapham cook.--The Cornish mystery.--The adventure of Johnnie Waverly.--The double clue.--The lost mine.--The Plymouth Express.--The chocolate box.--The submarine plans.--The third-floor flat.--Double sin.--The market basing mystery.--Wasps' nest.--The veiled lady.--Problem at sea.--How does your garden grow? 0aPoirot, Hercule (Fictitious character)xFiction. 0aPrivate investigatorszEnglandxFiction. 0aDetective and mystery stories, English.